书目信息 |
| 题名: |
数控编程与加工
|
|
| 作者: | 何满才 编著 | |
| 分册: | ||
| 出版信息: | 北京 人民邮电出版社 2004.04 |
|
| 页数: | 436页 | |
| 开本: | 26cm | |
| 丛书名: | ||
| 单 册: | ||
| 中图分类: | TG659 | |
| 科图分类: | ||
| 主题词: | 数控机床--程序设计--应用软件, Mastercam 9.0 , 程序设计 | |
| 电子资源: | ||
| ISBN: | 7-115-12169-9 | |
| 000 | 00762nam0 2200253 45 | |
| 001 | 012004000000 | |
| 005 | 20050119102933.47 | |
| 010 | @a7-115-12169-9@dCNY 42.00 | |
| 100 | @a20041130e2004 em y0chiy0121 ea | |
| 101 | 0 | @achi |
| 102 | @aCN@b110000 | |
| 105 | @aa z 000yy | |
| 200 | 1 | @a数控编程与加工@Ashuo kong bian cheng yu jia gong@eMastercam 9.0实例详解@f何满才编著 |
| 210 | @a北京@c人民邮电出版社@d2004.04@h2004.7重印 | |
| 215 | @a436页@c图表@d26cm | |
| 320 | @a书末附附录 | |
| 517 | 1 | @aMastercam 9.0实例详解 |
| 606 | 0 | @a数控机床@x程序设计@x应用软件, Mastercam 9.0 |
| 606 | 0 | @a程序设计 |
| 610 | 1 | @aMastercam 9.0 |
| 690 | @aTG659@v4 | |
| 701 | 0 | @a何满才@Ahe man cai@4编著 |
| 801 | 0 | @aCN@bQSSKxf@c20050119 |
| 905 | @a10447@dTG659@eH190 | |
| 数控编程与加工:Mastercam 9.0实例详解/何满才编著.-北京:人民邮电出版社,2004.04(2004.7重印) |
| 436页:图表;26cm |
| ISBN 7-115-12169-9:CNY 42.00 |
| ● |
| 相关链接 |
|
|
|
正题名:数控编程与加工
索取号:TG659/H190
 
预约/预借
| 序号 | 登录号 | 条形码 | 馆藏地/架位号 | 状态 | 备注 |
| 1 | 439009 | 204390097 | 自科库501/501自科库 28排2列1层/ [索取号:TG659/H190] | 在馆 | |
| 2 | 439010 | 204390104 | 自科库501/501自科库 28排2列1层/ [索取号:TG659/H190] | 在馆 |